000 00605nam a22001697a 4500
003 OSt
005 20180301151810.0
008 161226b xxu||||| |||| 00| 0 eng d
040 _cमराठी
082 _b814
100 _aगोरे, गणेश मोरेश्वर
245 _aअलंकार चंद्रिका
260 _aउमरावती
_bराव साहेब जी. एम. गोरे
_c1926
300 _a२१५ पृष्ठे
856 _uhttp://dspace.vpmthane.org:8080/jspui/retrieve/7368/814Alankaar-Chandrikaa.pdf
942 _2ddc
_cEBOOK
999 _c1408122
_d1408119